| 000 | 00355pab a2200145 454500 | ||
|---|---|---|---|
| 008 | 180718b2003 xxu||||| |||| 00| 0 eng d | ||
| 100 | _aKampchen, Martin | ||
| 245 | _aSri Ramakrishna: the bridging of two cultures | ||
| 260 | _c2003 | ||
| 300 | _ap.43-58. | ||
| 362 | _aSummer | ||
| 650 | _aSri Ramakrishna | ||
| 773 | _aIIC Quarterly | ||
| 909 | _a57859 | ||
| 999 |
_c57859 _d57859 |
||